BREEAM Retail launched by BRE (Record no. 73452)

MARC details
000 -LEADER
fixed length control field 01220cam a2200205 4500
001 - CONTROL NUMBER
control field WB3936-02
008 - FIXED-LENGTH DATA ELEMENTS--GENERAL INFORMATION
fixed length control field 030924n2003 000 0 eng u
035 ## - SYSTEM CONTROL NUMBER
System control number (Sirsi) u123714
245 ## - TITLE STATEMENT
Title BREEAM Retail launched by BRE
260 ## - PUBLICATION, DISTRIBUTION, ETC.
Date of publication, distribution, etc. 2003
490 ## - SERIES STATEMENT
Series statement BRE News Release
Volume/sequential designation 16 September 2003 (2)
520 ## - SUMMARY, ETC.
Summary, etc. BRE has launched a new version of BREEAM (Building Research Establishment Environmental Assessment Method) for improving the environmental performance of retail buildings. This latest of a family of environmental assessment schemes can be applied to any retail development at the design stage, tenant fit-out or during occupancy. It has been tailored to the particular characteristics of the sector with its very wide range of building types and functions, the frequency of fitting and refitting and the large quantities of packaging waste involved in its operations. Full details of BREEAM Retail are available at http://www.bre.co.uk/breeam http://www.bre.co.uk/news.jsp?id=160
590 ## - LOCAL NOTE (RLIN)
Local note WB
650 ## - SUBJECT ADDED ENTRY--TOPICAL TERM
Topical term or geographic name entry element BREEAM
650 ## - SUBJECT ADDED ENTRY--TOPICAL TERM
Topical term or geographic name entry element ENVIRONMENTAL ASSESSMENTS
650 ## - SUBJECT ADDED ENTRY--TOPICAL TERM
Topical term or geographic name entry element RETAIL DEVELOPMENTS
650 ## - SUBJECT ADDED ENTRY--TOPICAL TERM
Topical term or geographic name entry element ENVIRONMENTAL PERFORMANCE
690 ## - LOCAL SUBJECT ADDED ENTRY--TOPICAL TERM (OCLC, RLIN)
Topical term or geographic name as entry element BUILT ENVIRONMENT-SUSTAINABLE CONSTRUCTION
942 ## - ADDED ENTRY ELEMENTS (KOHA)
Suppress in OPAC 0
Holdings
Withdrawn status Lost status Source of classification or shelving scheme Damaged status Not for loan Home library Current library Shelving location Date acquired Total Checkouts Full call number Barcode Date last seen Copy number Price effective from Koha item type
    Dewey Decimal Classification     London London News article 24/09/2003   WB3936-02 123714-1001 06/08/2019 1 06/08/2019 News article